Nie tylko cygańska
| Titel: | Nie tylko cygańska : studium o rapsodii muzycznej = Not only Gypsy / Anna G. Piotrowska |
|---|---|
| Verfasser: | |
| Veröffentlicht: | Kraków : Musica Iagellonica, 2017 |
| Umfang: | 249 Seiten : Notenbeispiele ; 21 cm |
| Format: | Buch |
| Sprache: | Polnisch |
| Schriftenreihe/ mehrbändiges Werk: |
Acta Musicologica Universitatis Cracoviensis ; 32 |
| ISBN: | 9788370992163 |
| Hinweise zum Inhalt: |
Inhaltsverzeichnis
Literaturverzeichnis Register // Personenregister Abstract |
alg: 51412330 001A $03004:15-12-23 001B $03004:15-12-23 $t13:32:57.000 001D $03004:15-12-23 001U $0utf8 001X $00 002@ $0Aau 002C $aText $btxt $2rdacontent 002D $aohne Hilfsmittel zu benutzen $bn $2rdamedia 002E $aBand $bnc $2rdacarrier 003@ $0514123303 003O $01055568044 $aOCoLC 004A $A978-83-7099-216-3 006C $01041795539 $aOCoLC 007A $0BV044905564 $aBVB 009P $qapplication/pdf $3Inhaltsverzeichnis $uhttp://bvbr.bib-bvb.de:8991/F?func=service&doc_library=BVB01&local_base=BVB01&doc_number=030299246&sequence=000005&line_number=0001&func_code=DB_RECORDS&service_type=MEDIA $mDigitalisierung BSB München 24 - ADAM Catalogue Enrichment 009P $qapplication/pdf $3Literaturverzeichnis $uhttp://bvbr.bib-bvb.de:8991/F?func=service&doc_library=BVB01&local_base=BVB01&doc_number=030299246&sequence=000006&line_number=0002&func_code=DB_RECORDS&service_type=MEDIA $mDigitalisierung BSB München 24 - ADAM Catalogue Enrichment 009P $qapplication/pdf $3Register // Personenregister $uhttp://bvbr.bib-bvb.de:8991/F?func=service&doc_library=BVB01&local_base=BVB01&doc_number=030299246&sequence=000007&line_number=0003&func_code=DB_RECORDS&service_type=MEDIA $mDigitalisierung BSB München 24 - ADAM Catalogue Enrichment 009P $qapplication/pdf $3Abstract $uhttp://bvbr.bib-bvb.de:8991/F?func=service&doc_library=BVB01&local_base=BVB01&doc_number=030299246&sequence=000008&line_number=0004&func_code=DB_RECORDS&service_type=MEDIA $mDigitalisierung BSB München 24 - ADAM Catalogue Enrichment 010@ $apol 010E $erda 011@ $a2017 $n2017 021A $aNie tylko cygańska $dstudium o rapsodii muzycznej $fNot only Gypsy $hAnna G. Piotrowska 028A $BVerfasser $#Piotrowska, Anna $4aut $7143552686 $8Piotrowska, Anna G.$Z20./21. Jh. [Tp1] $9231189567 033A $pKraków $nMusica Iagellonica 034D $a249 Seiten 034I $a21 cm 034M $aNotenbeispiele 036E $aActa Musicologica Universitatis Cracoviensis $l32 044A $aLiszt, Ferenc / (1811-1886) / krytyka i interpretacja $2jhpk $S17 $N600 044A $aMuzyka / 19 w / historia i krytyka $2jhpk $S#7 $N650 044A $aMuzyka cygańska / wpływ $2jhpk $S#7 $N650 044A $aRomantyzm (muzyka) $2jhpk $S#7 $N650 044A $aCyganie / w muzyce $2jhpk $S#7 $N650 044A $aRapsodie / historia i krytyka $2jhpk $S#7 $N650 044K $qBVB $RPohl, Jeanne $#Liszt, Ferencz $#Liszt, Ferenc $#Liszt, Francesco $#Liszt, Francisco $#Liszt, Franciscus $#Liszt, Franciszek $#Liszt, François $#Liszt, Franz von $#Liszt, F. $#Liszt $#Liszt-Brugnoli $#List, Ferenc $#List, Ferents $#List, Frants $#List, Franz $#List, F. $#Listz $#List, Franz $#Liszt, F. $7118573527 $8Liszt, Franz$Z1811-1886 [Tp1] $9086914553 044K $qBVB $RZigeuner $#Romanies Music $#Musique tsigane $#Musica zigana $#Gitanos Música $74391026-9 $8Zigeunermusik [Ts1] $9088463931 045F $a780.943909034 $eDDC22BSB 045F/01 $a780.9 045F/03 $f09034 045F/03 $g439 045T $aMUS $qDE-12 $2FID 046L $aZusammenfassung in englischer Sprache: Not only Gypsy lok: 51412330 24 exp: 51412330 24 1 #EPN 201B/01 $020-12-23 $t12:06:46.000 201C/01 $015-12-23 201U/01 $0utf8 203@/01 $01251774903 208@/01 $a20-12-23 $bz 209A/01 $aMus 5475 $du $f050 $hMus 5475 $x00 209C/01 $a23.05521 K $h23 05521 K 209G/01 $a74809901 $x00 220C/01 $ahae 247C/01 $8358050-7Marburg, Bibliothek des Herder-Instituts Marburg $9102600961
| LEADER | 00000nam a2200000 c 4500 | ||
|---|---|---|---|
| 001 | 514123303 | ||
| 003 | DE-603 | ||
| 005 | 20231215133257.0 | ||
| 007 | tu | ||
| 008 | 231215s2017 xx |||| | u00||u|pol c | ||
| 020 | |a 9788370992163 | ||
| 035 | |a (DE-599)BVBBV044905564 | ||
| 035 | |a (OCoLC)1055568044 | ||
| 040 | |a DE-603 |b ger |c DE-603 |d DE-603 |e rda | ||
| 041 | |a pol | ||
| 082 | 0 | 4 | |8 1\u |a 780.943909034 |q DE-101 |2 22/BSB |
| 084 | |a MUS |q DE-12 |2 fid | ||
| 085 | |8 1\u |b 780.9 | ||
| 085 | |8 1\u |z 1 |s 09034 | ||
| 085 | |8 1\u |z 2 |s 439 | ||
| 100 | 1 | |a Piotrowska, Anna G. |d 20./21. Jh. |e Verfasser |4 aut |0 (DE-603)231189567 |0 (DE-588)143552686 |2 gnd | |
| 245 | 0 | 0 | |a Nie tylko cygańska |b studium o rapsodii muzycznej = Not only Gypsy |c Anna G. Piotrowska |
| 264 | 1 | |a Kraków |b Musica Iagellonica |c 2017 | |
| 300 | |a 249 Seiten |b Notenbeispiele |c 21 cm | ||
| 336 | |a Text |b txt |2 rdacontent | ||
| 337 | |a ohne Hilfsmittel zu benutzen |b n |2 rdamedia | ||
| 338 | |a Band |b nc |2 rdacarrier | ||
| 490 | 0 | |a Acta Musicologica Universitatis Cracoviensis |v 32 | |
| 546 | |a Zusammenfassung in englischer Sprache: Not only Gypsy | ||
| 600 | 1 | 7 | |a Liszt, Franz |d 1811-1886 |0 (DE-588)118573527 |0 (DE-603)086914553 |2 gnd |
| 650 | 7 | |a Zigeunermusik |0 (DE-588)4391026-9 |0 (DE-603)088463931 |2 gnd | |
| 856 | 4 | 2 | |m Digitalisierung BSB München 24 - ADAM Catalogue Enrichment |q application/pdf |u http://bvbr.bib-bvb.de:8991/F?func=service&doc_library=BVB01&local_base=BVB01&doc_number=030299246&sequence=000005&line_number=0001&func_code=DB_RECORDS&service_type=MEDIA |3 Inhaltsverzeichnis |
| 856 | 4 | 2 | |m Digitalisierung BSB München 24 - ADAM Catalogue Enrichment |q application/pdf |u http://bvbr.bib-bvb.de:8991/F?func=service&doc_library=BVB01&local_base=BVB01&doc_number=030299246&sequence=000006&line_number=0002&func_code=DB_RECORDS&service_type=MEDIA |3 Literaturverzeichnis |
| 856 | 4 | 2 | |m Digitalisierung BSB München 24 - ADAM Catalogue Enrichment |q application/pdf |u http://bvbr.bib-bvb.de:8991/F?func=service&doc_library=BVB01&local_base=BVB01&doc_number=030299246&sequence=000007&line_number=0003&func_code=DB_RECORDS&service_type=MEDIA |3 Register // Personenregister |
| 856 | 4 | 2 | |m Digitalisierung BSB München 24 - ADAM Catalogue Enrichment |q application/pdf |u http://bvbr.bib-bvb.de:8991/F?func=service&doc_library=BVB01&local_base=BVB01&doc_number=030299246&sequence=000008&line_number=0004&func_code=DB_RECORDS&service_type=MEDIA |3 Abstract |
| 924 | 0 | |9 Mb 50 |a (DE-603)1251774903 |b DE-Mb50 |c HES |d c |g Mus 5475 | |


